| 000 | 00429nam a2200181Ia 4500 | ||
|---|---|---|---|
| 001 | 17232 | ||
| 005 | 20260306170410.0 | ||
| 008 | 260306t2022||||xx |||||||||||||| ||und|| | ||
| 041 | _aESP | ||
| 082 |
_a657.61 _bA11 |
||
| 100 |
_aAbanto Bromley, Martha _eAUT |
||
| 245 | 0 |
_aNIIF PCGE: _bcasos prácticos |
|
| 260 | _c2022 | ||
| 300 |
_a710 páginas : _c29 cm. |
||
| 650 | _aGEN | ||
| 654 | _aCCO | ||
| 942 |
_cLIB _dJUS _fJUS _2ddc _n |
||
| 999 |
_c17232 _d17232 |
||